নগর বধূ / (Record no. 49011)
[ view plain ]
| 000 -LEADER | |
|---|---|
| fixed length control field | 00980nam a2200253 a 4500 |
| 001 - CONTROL NUMBER | |
| control field | 49011 |
| 003 - CONTROL NUMBER IDENTIFIER | |
| rucl marc code | BD-RjUL |
| 005 - DATE AND TIME OF LATEST TRANSACTION | |
| control field | 20211209054625.0 |
| 008 - FIXED-LENGTH DATA ELEMENTS--GENERAL INFORMATION | |
| fixed length control field | 160817s1967 bg ||||| |||| 00| f ben d |
| 020 ## - INTERNATIONAL STANDARD BOOK NUMBER | |
| Terms of availability | : Tk. 6.00 |
| 035 ## - SYSTEM CONTROL NUMBER | |
| System control number | (BD-RjUL)49130 |
| 040 ## - CATALOGING SOURCE | |
| Original cataloging agency | BD-RjUL |
| Language of cataloging | ben |
| Transcribing agency | BD-RjUL |
| 041 ## - LANGUAGE CODE | |
| Language code of text/sound track or separate title | ben |
| 082 ## - DEWEY DECIMAL CLASSIFICATION NUMBER | |
| Edition number | 23 |
| Classification number | 891.4393 |
| Author mark and year | RUN 1967 |
| 100 ## - MAIN ENTRY--PERSONAL NAME | |
| Personal name | রুসুয়া, মির্জা মুহম্মদ হাদী |
| 9 (RLIN) | 147514 |
| 245 10 - TITLE STATEMENT | |
| Title | নগর বধূ / |
| Statement of responsibility, etc. | মির্জা মুহম্মদ হাদী রুসুয়া ; অনুবাদ : কাজী মাসুম |
| 250 ## - EDITION STATEMENT | |
| Edition statement | ১ম সং. |
| 260 ## - PUBLICATION, DISTRIBUTION, ETC. (IMPRINT) | |
| Place of publication, distribution, etc. | ঢাকা : |
| Name of publisher, distributor, etc. | শাহাদৎ হোসেন, |
| Date of publication, distribution, etc. | ১৯৬৭ |
| 300 ## - PHYSICAL DESCRIPTION | |
| Pagination | [১০], ২৫১ পৃ. ; |
| Size | ২০ সেমি. |
| 650 ## - SUBJECT ADDED ENTRY--TOPICAL TERM | |
| Topical term or geographic name as entry element | উর্দূ উপন্যাস |
| 9 (RLIN) | 121925 |
| Topical term or geographic name as entry element | Urdu Fiction |
| 9 (RLIN) | 121922 |
| 700 ## - ADDED ENTRY--PERSONAL NAME | |
| Personal name | মাসুম, কাজী, অনুবাদক |
| 942 ## - ADDED ENTRY ELEMENTS (KOHA) | |
| Source of classification or shelving scheme | Dewey Decimal Classification |
| Koha item type | Books |
| Lost status | Source of classification or shelving scheme | Damaged status | Not for loan | Collection code | Permanent Location | Current Location | Shelving location | Date acquired | Source of acquisition | Cost, normal purchase price | Total Checkouts | Full call number | Date last seen | Copy number | Koha item type |
|---|---|---|---|---|---|---|---|---|---|---|---|---|---|---|---|
| Dewey Decimal Classification | Fiction | Central Library, University of Rajshahi | Central Library, University of Rajshahi | 01/07/1968 | Nawroge | 6.00 | B 891.4393 RUN 1967 | 17/08/2016 | C-2 | Books | |||||
| Dewey Decimal Classification | Fiction | Central Library, University of Rajshahi | Central Library, University of Rajshahi | 01/07/1968 | Nowrose | 6.00 | B 891.4393 RUN 1967 | 23/11/2016 | C-3 | Books |